| 000 | 00814nas a2200253 4500 | ||
|---|---|---|---|
| 001 | BR9504153 | ||
| 003 | BR-BrBNA | ||
| 005 | 20231205094402.0 | ||
| 007 | ta | ||
| 008 | 230509b bl.|||p| |||| 00| 00por d | ||
| 040 |
_aBR-BrBNA _bpor _cBiblioteca Nacional de Agricultura |
||
| 072 | _aL51 | ||
| 100 | 1 | _aRuviaro, C.F. | |
| 100 | 1 | _aOlivo, C.J. | |
| 245 | 1 | _aEfeito da utilizacao do grao de capim arroz moido em racoes para vacas em lactacao mantidas em pastagem de aveia e azevem durante o inverno | |
| 650 | _aGado Holandes | ||
| 650 | _aCapim Arroz | ||
| 650 | _aRacao | ||
| 650 | _aLactacao | ||
| 650 | _aRio Grande do Sul | ||
| 773 | 0 |
_tLavoura Arrozeira (Brazil) _xISSN 0023-9143 _g(Mar-Apr 1994), v. 47(413) p. 5-8 _wBR9504153 |
|
| 909 |
_a202311 _bLúcia _c55 _dLúcia Elande |
||
| 942 |
_2AGRIS _n0 _cANA |
||
| 999 |
_c143962 _d143962 |
||